José de San Martín, libertador de la Argentina y de Chile. Protector del Perú / (Record no. 186901)

MARC details
000 -LEADER
campo de control de longitud fija 00781nam a2200205 i 4500
001 - NÚMERO DE CONTROL
campo de control 186901
003 - IDENTIFICADOR DE NÚMERO DE CONTROL
campo de control ES-MaACL
005 - FECHA Y HORA DE LA ÚLTIMA TRANSACCIÓN
campo de control 20251118145153.0
008 - DATOS DE LONGITUD FIJA--INFORMACIÓN GENERAL
campo de control de longitud fija 170228s1932 sp f |||| |bspa d
100 0# - ENTRADA PRINCIPAL--NOMBRE DE PERSONA
Nombre de persona García del Real, Eduardo,
Fechas asociadas al nombre 1870-1946
9 (RLIN) 54523
245 10 - MENCIÓN DEL TÍTULO
Título José de San Martín, libertador de la Argentina y de Chile. Protector del Perú /
Mención de responsabilidad, etc. por Eduardo García del Real.
250 ## - MENCION DE EDICION
Mención de edición 1ª ed.
260 ## - PUBLICACIÓN, DISTRIBUCIÓN, ETC.
Lugar de publicación, distribución, etc. Madrid :
Nombre del editor, distribuidor, etc. Espasa-Calpe,
Fecha de publicación, distribución, etc. 1932.
300 ## - DESCRIPCIÓN FÍSICA
Extensión 266 p., [4] p. de lám. ;
Dimensiones 18 cm.
490 1# - MENCIÓN DE SERIE
Mención de serie Vidas españolas e hispanoamericanas del siglo XIX ;
Designación de volumen o secuencia 27
600 14 - PUNTO DE ACCESO ADICIONAL DE MATERIA--NOMBRE DE PERSONA
Nombre de persona San Martín, José de,
Fechas asociadas al nombre 1778-1850
9 (RLIN) 102261
830 00 - PUNTO DE ACCESO ADICIONAL DE SERIE-TÍTULO UNIFORME
Título uniforme Vidas españolas e hispanoamericanas del siglo XIX
Designación de volumen o secuencia 27
9 (RLIN) 192640
852 ## - LOCALIZACIÓN
Ubicación ES-MaACL
Número de control de estantería C-23238
Holdings
Estatus retirado Estado de pérdida Estado de daño No para préstamo Biblioteca de origen Biblioteca actual Ubicación en estantería Fecha de adquisición Fuente de adquisición Total de préstamos Signatura topográfica completa Código de barras Visto por última vez Precio de reemplazo Tipo de ítem Koha
        Biblioteca del Ateneo de Madrid Biblioteca del Ateneo de Madrid Depósito 2 28/02/2017     C-23238 1197141 23/02/2023 23/02/2023 Libro impreso